El gobierno monárquico o sea El libro De Regimine Principum / (Record no. 166433)

MARC details
000 -LEADER
campo de control de longitud fija 01001nam a22002655i 4500
001 - NÚMERO DE CONTROL
campo de control 166433
003 - IDENTIFICADOR DE NÚMERO DE CONTROL
campo de control ES-MaACL
005 - FECHA Y HORA DE LA ÚLTIMA TRANSACCIÓN
campo de control 20250624193310.0
008 - DATOS DE LONGITUD FIJA--INFORMACIÓN GENERAL
campo de control de longitud fija 940206s1861 sp |||| | spa d
040 ## - FUENTE DE CATALOGACIÓN
Centro catalogador/agencia de origen CAM
Lengua de catalogación spa
100 0# - ENTRADA PRINCIPAL--NOMBRE DE PERSONA
Nombre de persona Tomás de Aquino
Títulos y otros términos asociados al nombre Santo (
Fechas asociadas al nombre 1225-1274)
9 (RLIN) 223573
245 13 - MENCIÓN DEL TÍTULO
Título El gobierno monárquico o sea El libro De Regimine Principum /
Mención de responsabilidad, etc. escrito por Santo Tomás de Aquino ; testo [sic] latinos y traducción castellana por León Carbonero y Sol.
260 ## - PUBLICACIÓN, DISTRIBUCIÓN, ETC.
Lugar de publicación, distribución, etc. Sevilla :
Nombre del editor, distribuidor, etc. Imprenta y librería de D. A. Izquierdo,
Fecha de publicación, distribución, etc. 1861.
300 ## - DESCRIPCIÓN FÍSICA
Extensión XVI, 520 p. ;
Dimensiones 21 cm.
594 #1 - Nota al título y mención de responsabilidad
Nota al título y mención de responsabilidad Texto paralelo español-latín.
650 #4 - PUNTO DE ACCESO ADICIONAL DE MATERIA--TÉRMINO DE MATERIA
Término de materia o nombre geográfico como elemento de entrada Monarquía.
9 (RLIN) 15143
650 #4 - PUNTO DE ACCESO ADICIONAL DE MATERIA--TÉRMINO DE MATERIA
Término de materia o nombre geográfico como elemento de entrada Regímenes políticos.
9 (RLIN) 16743
700 #1 - ENTRADA AGREGADA--NOMBRE PERSONAL
Nombre de persona Carbonero y Sol, León,
Fechas asociadas al nombre 1812-1902
Término indicativo de función/relación
9 (RLIN) 224394
700 11 - ENTRADA AGREGADA--NOMBRE PERSONAL
Nombre de persona Izquierdo, Antonio,
Término indicativo de función/relación
9 (RLIN) 65698
740 3# - ENTRADA AGREGADA--TÍTULO RELACIONADO/ANALÍTICO NO CONTROLADO
Título relacionado o analítico no controlado De regimene principum.
752 ## - ENTRADA AGREGADA--NOMBRE JERÁRQUICO DEL LUGAR
País o entidad superior España -
Ciudad , Sevilla
852 ## - LOCALIZACIÓN
Ubicación ES-MaACL
Número de control de estantería D-589
Nota libre -- Enc. hol.
Holdings
Estatus retirado Estado de pérdida Estado de daño No para préstamo Colección Biblioteca de origen Biblioteca actual Ubicación en estantería Fecha de adquisición Fuente de adquisición Total de préstamos Signatura topográfica completa Código de barras Visto por última vez Precio de reemplazo Tipo de ítem Koha
        Libros del s. XIX Biblioteca del Ateneo de Madrid Biblioteca del Ateneo de Madrid Sala Valle Inclán 17/01/2008     D-589 901174554 23/02/2023 23/02/2023 Libro impreso antiguo